000 00517nam a2200181Ia 4500
008 100921s9999 xx 000 0 und d
082 _b13068
_a891.463 थ 77
100 _aगोवारीकर दीपा.
245 _aतडा.
260 _bश्रीविशाखा प्रकाशन,पुणे.
_c1977
300 _a111
_b---
365 _b8
520 _aललित-कथा.
630 _aतडा.
650 _aललित-कथा.
730 _aतडा.
942 _cBOOK
999 _c762181
_d762178